Italian Name Translation - Statistics

General Stats
  • This quiz has been taken 44,942 times
    44,361 since last reset
  • The average score is 17 of 22
Answer Stats
Italian English % Correct
Stefano Stephen
96%
Alessandro Alexander
95%
Edoardo Edward
95%
Riccardo Richard
95%
Pietro Peter
94%
Giorgio George
92%
Patrizio Patrick
91%
Vittoria Victoria
91%
Arturo Arthur
90%
Maria Mary
89%
Francesco Frank
88%
Vincenzo Vincent
88%
Lucia Lucy
87%
Giulia Julia
80%
Marta Martha
79%
Luigi Lewis
67%
Giovanni John
65%
Carlo Charles
63%
Enrico Henry
57%
Giacomo James
32%
Guglielmo William
32%
Guido Guy
21%
No matching quizzes found
Score Distribution
Percent of People with Each Score
Percentile by Number Answered
Your Score History
You have not taken this quiz since the last reset